Loading...
| Fine Arts - Classical Music | 0 | 12 | 0 | 2 | 120 | 45 | 107.08 | 1 | 3 | 0.00 | 0.00 |
| Fine Arts - Painting & Sculpture | 0 | 9 | 1 | 2 | 85 | 99 | 121.33 | 0 | 0 | 0.00 | 0.00 |
| History - World | 0 | 8 | 1 | 2 | 75 | 77 | 119.38 | 0 | 0 | 0.00 | 0.00 |
| Fine Arts - Other | 0 | 7 | 1 | 0 | 65 | 71 | 102.86 | 0 | 2 | 0.00 | 0.00 |
| History - Other | 0 | 7 | 2 | 1 | 60 | 90 | 116.43 | 0 | 1 | 0.00 | 0.00 |
| Philosophy | 0 | 6 | 1 | 2 | 55 | 94 | 120.33 | 0 | 0 | 0.00 | 0.00 |
| Science - Other | 0 | 5 | 2 | 0 | 40 | 66 | 98.40 | 1 | 1 | 0.00 | 0.00 |
| Social Science | 0 | 3 | 0 | 1 | 30 | 97 | 116.00 | 0 | 0 | 0.00 | 0.00 |
| Literature - European | 0 | 3 | 0 | 2 | 30 | 136 | 145.00 | 0 | 0 | 0.00 | 0.00 |
| Literature - World | 0 | 3 | 0 | 1 | 30 | 120 | 132.33 | 0 | 0 | 0.00 | 0.00 |
| Religion | 0 | 4 | 2 | 0 | 30 | 108 | 121.00 | 0 | 0 | 0.00 | 0.00 |
| Science - Physics | 0 | 3 | 0 | 0 | 30 | 88 | 123.00 | 0 | 0 | 0.00 | 0.00 |
| History - American | 0 | 4 | 3 | 1 | 25 | 100 | 125.00 | 0 | 1 | 0.00 | 0.00 |
| Science - Biology | 0 | 2 | 0 | 0 | 20 | 84 | 86.50 | 0 | 2 | 0.00 | 0.00 |
| History - European | 0 | 3 | 2 | 1 | 20 | 81 | 108.00 | 0 | 0 | 0.00 | 0.00 |
| Current Events | 0 | 2 | 0 | 1 | 20 | 119 | 124.50 | 0 | 0 | 0.00 | 0.00 |
| Geography | 0 | 1 | 0 | 0 | 10 | 149 | 149.00 | 0 | 0 | 0.00 | 0.00 |
| Literature - British | 0 | 1 | 0 | 0 | 10 | 99 | 99.00 | 0 | 0 | 0.00 | 0.00 |
| Mythology | 0 | 0 | 1 | 0 | -5 | 0.00 | 0 | 0 | 0.00 | 0.00 | |
| Science - Chemistry | 0 | 0 | 1 | 0 | -5 | 0.00 | 0 | 0 | 0.00 | 0.00 | |
| Other Academic | 0 | 0 | 1 | 0 | -5 | 0.00 | 0 | 0 | 0.00 | 0.00 |